000 00233nam a2200097Ia 4500
005 20251222114402.0
008 251222s1900||||xx |||||||||||||| ||spa||
082 _aDVD0060/D33/1997
245 0 _aLos 92 minutos del Sr. Baum:
942 _cDVD
999 _c1679
_d1679